The Fewer Clues the Better Quiz Stats

 Plays Quiz Updated Jun 12, 2015

Challenge
Share
Tweet
Embed
Score 0/56 Timer 10:00
1 Play Today
Clue Question/Answer % Correct
Question A???
100%
Clue A1???
98.5%
Question B???
89.8%
Clue B1???
88.3%
Answer A???
86.5%
Question C???
78.5%
Question D???
78.2%
Question E???
77.9%
Question F???
77.2%
Clue C1???
77.2%
Question G???
77%
Clue D1???
76.9%
Answer D???
76.5%
Clue E1???
76.5%
Question H???
75.8%
Clue F1???
75.8%
Clue G1???
75.6%
Answer H???
75.3%
Answer C???
75%
Clue H1???
74.4%
Clue H5???
74.4%
Answer F???
74.3%
Clue H4???
74%
Answer E???
72.7%
Answer G???
69.9%
Clue C5???
62.5%
Clue H3???
58.8%
Clue D5???
58.3%
Clue Question/Answer % Correct
Clue F5???
53.6%
Answer B???
51.2%
Clue D4???
50.7%
Clue E5???
48.2%
Clue G5???
45%
Clue C4???
42.5%
Clue D3???
41.4%
Clue A5???
40%
Clue G4???
39.1%
Clue A4???
36.4%
Clue E4???
36.3%
Clue D2???
34.3%
Clue E3???
31.6%
Clue B5???
30.9%
Clue A3???
29.1%
Clue G3???
28.7%
Clue H2???
27%
Clue F4???
25.5%
Clue E2???
25.5%
Clue G2???
23.1%
Clue F3???
23%
Clue A2???
19.5%
Clue C3???
15.7%
Clue B4???
14%
Clue B3???
10.3%
Clue F2???
8.4%
Clue B2???
8%
Clue C2???
6.2%

You're not logged in!

Compare scores with friends on all Sporcle quizzes.
Join for Free
OR
Log In

You Might Also Like...

Show Comments

Extras

Top Quizzes Today


Score Distribution

Your Account Isn't Verified!

In order to create a playlist on Sporcle, you need to verify the email address you used during registration. Go to your Sporcle Settings to finish the process.

Report this User

Report this user for behavior that violates our Community Guidelines.

Details: